| 000 | 00532nam a2200181Ia 4500 | ||
|---|---|---|---|
| 005 | 20250923145103.0 | ||
| 008 | 008 250917s9999 xx 000 0 eng d | ||
| 037 | _aTextual | ||
| 040 |
_aDSWL _beng _cDSWL |
||
| 041 |
_aeng _2eng |
||
| 084 |
_aY72:7:7.254, N36 _qDSWL |
||
| 100 |
_aCarey, S.Pearce _9831656 |
||
| 245 | 0 |
_aDawn on the kond hills _cby S.Pearce Carey |
|
| 260 |
_aLondon _bThe Carey Press _c1936 |
||
| 300 | _a15 p. | ||
| 942 |
_cTEXL _hY72:7:7.254, N36 |
||
| 999 |
_c1446912 _d1446912 |
||